| 000 | 00687nam a2200241 i 4500 | ||
|---|---|---|---|
| 001 | bg | ||
| 100 | 1 | _aSOBCZYŃSKA, Anna | |
| 245 | 1 | 0 |
_aBilanse masowe procesów stacjonarnych / _cAnna Sobczyńska, Jan Szymanowski. |
| 260 |
_aPoznań : _bWydaw. Politechniki Poznańskiej, _c2003. |
||
| 300 |
_a168, [1] s. : _bil. ; _c24 cm. |
||
| 650 | 9 | _aReakcje chemiczne | |
| 650 | 9 | _aRównowaga chemiczna | |
| 650 | 9 | _aTechnologia chemiczna | |
| 655 | _aPodręczniki | ||
| 700 | 1 | _aSzymanowski, Jan | |
| 020 | _a8371435010 | ||
| 040 | _cBPK | ||
| 041 | 0 | _apol | |
| 080 | _a544.4:66.01/.09](07) | ||
| 920 | _a83-7143-501-0 | ||
| 942 | _cKS | ||
| 008 | s pl f |000 0 pol | ||
| 999 |
_c43043 _d43043 |
||
| 856 |
_uhttp://koha.tu.koszalin.pl/cgi-bin/koha/opac-detail.pl?biblionumber=43043 _yKatalog online BPK |
||